Statistiques concernant Stations balnéaires de France - Carte Quiz

Cliquez ici pour prendre le quiz!

Statistiques générales

  • Ce quiz a été pris 420 fois
  • Le résultat moyen est 14 sur 22

Réponses sur la Carte

Les réponses sont colorées sur une échelle allant du rouge au vert en fonction du pourcentage des utilisateurs qui les ont devinées à leur premier essai. Vous pouvez retrouver ces pourcentages ci-dessous.
 

Statistiques - réponses

Réponse% Correct
Biarritz
81%
Porto-Vecchio
80%
Evian-les-Bains
76%
Deauville
72%
Saint-Malo
72%
Cannes
71%
Arcachon
70%
Les Sables-d'Olonne
70%
Le Touquet-Paris-Plage
68%
Biscarrosse
66%
Dieppe
60%
Saint-Tropez
60%
Agde
57%
L'Ile-Rousse
56%
Quiberon
56%
Cassis
55%
La Grande-Motte
55%
Pornic
55%
Hyères
54%
Perros-Guirrec
52%
Collioure
51%
La Palmyre
46%

Distribution des résultats

Percentile par nombre de réponses

% des personnes avec chaque résultat

Votre développement - résultats

Vous n’avez pas pris ce quiz